[Event "Hampshire Open"]
[Site "Eastleigh"]
[Date "2008.11.08"]
[Round "4"]
[White "Tunks, Dominic R"]
[Black "Abbott, Mark V"]
[Result "1-0"]
[WhiteElo "1945"]
[BlackElo "1840"]
[PlyCount "57"]
[EventDate "2008.11.07"]
[EventType "swiss"]
[EventRounds "6"]
[EventCountry "ENG"]
[SourceTitle "BritBase"]
[Source "John Saunders"]
[SourceDate "2025.01.31"]
[SourceVersion "1"]
[SourceVersionDate "2025.01.31"]
[SourceQuality "1"]

1. e4 c5 2. Nf3 g6 3. Bc4 Nc6 4. O-O Bg7 5. Re1 e6 6. Nc3 Nge7 7. d3 O-O 8. e5 d6 9. exd6 Nf5 10. Bg5 Qxd6 11. Qd2 Na5 12. Bb3 Nxb3 13. axb3 f6 14. Be3 b6 15. d4 cxd4 16. Nxd4 Nxd4 17. Qxd4 Qxd4 18. Bxd4 e5 19. Bxb6 Bf5 20. Bxa7 Bxc2 21. b4 f5 22. b5 e4 23. b6 Rf7 24. Ra5 Rd8 25. Rd5 Rxd5 26. Nxd5 Bb3 27. Nc7 Bd4 28. Nb5 Bxb2 29. Nd6 1-0

[Event "Hampshire Open"]
[Site "Eastleigh"]
[Date "2008.11.08"]
[Round "4"]
[White "McMaster, Richard G"]
[Black "Kawuma, Moses"]
[Result "0-1"]
[WhiteElo "2043"]
[BlackElo "2204"]
[PlyCount "83"]
[EventDate "2008.11.07"]
[EventType "swiss"]
[EventRounds "6"]
[EventCountry "ENG"]
[SourceTitle "BritBase"]
[Source "John Saunders"]
[SourceDate "2025.01.31"]
[SourceVersion "1"]
[SourceVersionDate "2025.01.31"]
[SourceQuality "1"]

1. d4 Nf6 2. c4 c5 3. d5 b5 4. a4 bxc4 5. Nc3 d6 6. e4 g6 7. Bxc4 Bg7 8. f4 O-O 9. Nf3 Nbd7 10. a5 Rb8 11. O-O Rb4 12. Qd3 Nb8 13. Ra2 Rxc4 14. Qxc4 Ba6 15. Qa4 Bxf1 16. Kxf1 Na6 17. Qc4 Nb4 18. Ra3 Qd7 19. Na2 Nxa2 20. Rxa2 Rb8 21. Be3 Rb4 22. Qa6 Nxe4 23. Qc6 Qd8 24. Nd2 Nxd2+ 25. Bxd2 Rb8 26. Bc3 Qc8 27. Bxg7 Kxg7 28. Ra3 Qxc6 29. dxc6 Rc8 30. Rb3 Rxc6 31. Rb7 Ra6 32. Rxe7 Rxa5 33. Rd7 Ra6 34. Ke2 Kf6 35. Kd3 Ke6 36. Rc7 h5 37. g3 Ra1 38. Ke3 Ra2 39. h3 Rxb2 40. Rxa7 h4 41. gxh4 Rb3+ 42. Ke4 0-1

[Event "Hampshire Open"]
[Site "Eastleigh"]
[Date "2008.11.08"]
[Round "4"]
[White "Yeo, Michael J"]
[Black "Fowler, David W"]
[Result "0-1"]
[WhiteElo "2103"]
[BlackElo "1802"]
[PlyCount "82"]
[EventDate "2008.11.07"]
[EventType "swiss"]
[EventRounds "6"]
[EventCountry "ENG"]
[SourceTitle "BritBase"]
[Source "John Saunders"]
[SourceDate "2025.01.31"]
[SourceVersion "1"]
[SourceVersionDate "2025.01.31"]
[SourceQuality "1"]

1. e4 e5 2. Nf3 Nc6 3. Bc4 Bc5 4. b4 Bxb4 5. c3 Ba5 6. d4 exd4 7. O-O Nge7 8. cxd4 d5 9. exd5 Nxd5 10. Ba3 Bb4 11. Qa4 Bxa3 12. Qxa3 Nce7 13. Nbd2 O-O 14. Rfe1 h6 15. Ne4 b6 16. Ne5 Be6 17. Qf3 c6 18. Rac1 Rc8 19. g4 Ng6 20. Ng3 Qg5 21. h3 Nxe5 22. dxe5 Rfd8 23. Kh2 b5 24. Bf1 a5 25. Rc5 Qd2 26. Rec1 Nb4 27. Ne4 Qxa2 28. Nd6 Rb8 29. Qf4 Qb2 30. Re1 Nd5 31. Qg3 Rb6 32. Rcc1 Qd2 33. Red1 Qf4 34. Nf5 Qxg3+ 35. fxg3 Bxf5 36. gxf5 a4 37. e6 fxe6 38. fxe6 Kf8 39. Be2 Ke7 40. Bg4 Ne3 41. Rxd8 Nxg4+ 0-1

[Event "Hampshire Open"]
[Site "Eastleigh"]
[Date "2008.11.09"]
[Round "5"]
[White "Fowler, David W"]
[Black "Hart, David R"]
[Result "1/2-1/2"]
[WhiteElo "1802"]
[BlackElo "1896"]
[PlyCount "82"]
[EventDate "2008.11.07"]
[EventType "swiss"]
[EventRounds "6"]
[EventCountry "ENG"]
[SourceTitle "BritBase"]
[Source "John Saunders"]
[SourceDate "2025.01.31"]
[SourceVersion "1"]
[SourceVersionDate "2025.01.31"]
[SourceQuality "1"]

1. e4 c5 2. c3 d5 3. exd5 Qxd5 4. d4 Nf6 5. Nf3 Bg4 6. Be2 e6 7. O-O Be7 8. Be3 cxd4 9. cxd4 Nc6 10. Nc3 Qa5 11. a3 a6 12. b4 Qc7 13. Rc1 O-O 14. h3 Bh5 15. Qb3 Rfd8 16. Rfd1 Nd5 17. Ne4 Qb6 18. Nc5 Bf6 19. g4 Bg6 20. h4 Nxe3 21. fxe3 h5 22. g5 Be7 23. Bd3 Qc7 24. Kg2 Bxd3 25. Nxd3 Qd7 26. Nc5 Bxc5 27. dxc5 Qe8 28. Rd6 Ne7 29. e4 Qb5 30. Nd4 Qe8 31. Rd1 Ng6 32. Nf3 Rxd6 33. cxd6 Qc6 34. Qe3 e5 35. Kg3 Rd8 36. Rd5 Rxd6 37. Nxe5 Nxe5 38. Rxe5 Qc2 39. Rd5 Re6 40. e5 Qf5 41. Qf4 Qb1 1/2-1/2

[Event "Hampshire Open"]
[Site "Eastleigh"]
[Date "2008.11.09"]
[Round "5"]
[White "Lock, Gavin R"]
[Black "Kawuma, Moses"]
[Result "1-0"]
[WhiteElo "2252"]
[BlackElo "2204"]
[PlyCount "61"]
[EventDate "2008.11.07"]
[EventType "swiss"]
[EventRounds "6"]
[EventCountry "ENG"]
[SourceTitle "BritBase"]
[Source "John Saunders"]
[SourceDate "2025.01.31"]
[SourceVersion "1"]
[SourceVersionDate "2025.01.31"]
[SourceQuality "1"]

1. d4 Nf6 2. Nf3 d5 3. c4 c6 4. Nc3 e6 5. Bg5 Be7 6. e3 Nbd7 7. Rc1 O-O 8. Bd3 dxc4 9. Bxc4 b5 10. Bd3 a6 11. a4 Bb7 12. O-O b4 13. Bxf6 Nxf6 14. Ne4 Nd7 15. Nc5 Nxc5 16. dxc5 Bf6 17. Qc2 g6 18. Rfd1 Qc7 19. e4 Rfd8 20. g3 e5 21. Qb3 a5 22. Bc4 Rxd1+ 23. Rxd1 Rd8 24. Rxd8+ Bxd8 25. Qe3 Bc8 26. h4 h5 27. Qh6 Bg4 28. Qxg6+ Kf8 29. Qh6+ Kg8 30. Ng5 Bxg5 31. hxg5 1-0

[Event "Hampshire Open"]
[Site "Eastleigh"]
[Date "2008.11.09"]
[Round "5"]
[White "Abbott, Mark V"]
[Black "Coburn, Joseph A"]
[Result "1-0"]
[WhiteElo "1840"]
[BlackElo "1720"]
[PlyCount "75"]
[EventDate "2008.11.07"]
[EventType "swiss"]
[EventRounds "6"]
[EventCountry "ENG"]
[SourceTitle "BritBase"]
[Source "John Saunders"]
[SourceDate "2025.01.31"]
[SourceVersion "1"]
[SourceVersionDate "2025.01.31"]
[SourceQuality "1"]

1. d4 Nf6 2. c4 e6 3. Nc3 Bb4 4. e3 Ne4 5. Qc2 Nxc3 6. bxc3 Be7 7. Bd3 h6 8. Ne2 d5 9. cxd5 exd5 10. O-O Nd7 11. f3 O-O 12. Nf4 c6 13. e4 g5 14. Nh5 Nf6 15. Ng3 c5 16. e5 Ne8 17. h4 gxh4 18. Nf5 Bxf5 19. Bxf5 Bg5 20. f4 Be7 21. Qe2 Ng7 22. Bd3 cxd4 23. cxd4 Qb6 24. Be3 f5 25. Rab1 Qg6 26. Qf3 Rad8 27. Rxb7 Rf7 28. Bf2 Nh5 29. Rxe7 Rxe7 30. Bxh4 Rg7 31. Bxd8 Nxf4 32. Rf2 Nxd3 {(=)} 33. Qxd3 Qg4 34. Bf6 Rc7 35. Qxf5 Rc1+ 36. Kh2 Qxf5 37. Rxf5 Rc2 38. e6 1-0

[Event "Hampshire Open"]
[Site "Eastleigh"]
[Date "2008.11.09"]
[Round "5"]
[White "Kawuma, Steven Male"]
[Black "McMaster, Richard G"]
[Result "1-0"]
[WhiteElo "2156"]
[BlackElo "2043"]
[PlyCount "49"]
[EventDate "2008.11.07"]
[EventType "swiss"]
[EventRounds "6"]
[EventCountry "ENG"]
[SourceTitle "BritBase"]
[Source "John Saunders"]
[SourceDate "2025.01.31"]
[SourceVersion "1"]
[SourceVersionDate "2025.01.31"]
[SourceQuality "1"]

1. e4 e5 2. Nf3 d6 3. d4 Nf6 4. Nc3 exd4 5. Nxd4 Be7 6. Be2 O-O 7. O-O Re8 8. Re1 h6 9. Bf4 Bf8 10. Bc4 Nbd7 11. a4 g6 12. Qd2 Nc5 13. f3 g5 14. Be3 Ne6 15. Nde2 Nh5 16. g4 Nhg7 17. Kg2 Bd7 18. Rad1 Bc6 19. b4 b6 20. h4 Qf6 21. b5 Bb7 22. Bd5 Rab8 23. Bxb7 Rxb7 24. Nd5 Qg6 25. h5 1-0

[Event "Hampshire Open"]
[Site "Eastleigh"]
[Date "2008.11.09"]
[Round "5"]
[White "Moore, Gillian A"]
[Black "Payne, Stephen J"]
[Result "0-1"]
[WhiteElo "1976"]
[BlackElo "1888"]
[PlyCount "100"]
[EventDate "2008.11.07"]
[EventType "swiss"]
[EventRounds "6"]
[EventCountry "ENG"]
[SourceTitle "BritBase"]
[Source "John Saunders"]
[SourceDate "2025.01.31"]
[SourceVersion "1"]
[SourceVersionDate "2025.01.31"]
[SourceQuality "1"]

1. d4 Nf6 2. c4 g6 3. Nc3 Bg7 4. e4 d6 5. Nf3 O-O 6. Be2 e5 7. dxe5 dxe5 8. Qxd8 Rxd8 9. Bg5 Re8 10. Nd5 Nxd5 11. cxd5 c6 12. Bc4 cxd5 13. Bxd5 Na6 14. O-O Nc7 15. Bb3 Be6 16. Ba4 b5 17. Bc2 f6 18. Be3 Bf8 19. Rfd1 a6 20. Bb6 Rac8 21. Ba5 Na8 22. Bd3 Rc6 23. h3 Be7 24. a3 Rec8 25. Bd2 Nb6 26. Rac1 Nc4 27. Bxc4 Rxc4 28. Re1 Rxc1 29. Rxc1 Rxc1+ 30. Bxc1 Bc4 31. Bd2 Bd3 32. Bc3 Bxe4 33. Nd2 Bd5 34. b4 Kf7 35. f3 Ke6 36. Kf2 f5 37. g3 Bd8 38. h4 Bb6+ 39. Ke2 h5 40. Ke1 Ba2 41. Nf1 Kd5 42. Nh2 Bd4 43. Kd2 Kc4 44. Bxd4 Kxd4 45. g4 Bc4 46. gxf5 gxf5 47. f4 e4 48. Ke1 Ke3 49. Nf1+ Bxf1 50. Kxf1 Kxf4 0-1

[Event "Hampshire Open"]
[Site "Eastleigh"]
[Date "2008.11.09"]
[Round "6"]
[White "Hart, David R"]
[Black "McMaster, Richard G"]
[Result "1/2-1/2"]
[WhiteElo "1896"]
[BlackElo "2043"]
[PlyCount "63"]
[EventDate "2008.11.07"]
[EventType "swiss"]
[EventRounds "6"]
[EventCountry "ENG"]
[SourceTitle "BritBase"]
[Source "John Saunders"]
[SourceDate "2025.01.31"]
[SourceVersion "1"]
[SourceVersionDate "2025.01.31"]
[SourceQuality "1"]

1. e4 c5 2. Nf3 d6 3. d4 cxd4 4. Nxd4 Nf6 5. Nc3 a6 6. Be3 e5 7. Nb3 Be6 8. f3 Nbd7 9. g4 b5 10. g5 Nh5 11. Qd2 Nb6 12. O-O-O Be7 13. h4 O-O 14. Nd5 Bxd5 15. exd5 Ng3 16. Rg1 Nxf1 17. Rdxf1 Nc4 18. Qd3 f5 19. Kb1 a5 20. f4 a4 21. Nd2 e4 22. Qe2 Nxe3 23. Qxe3 Qc7 24. h5 Rfc8 25. c4 bxc4 26. Rc1 Qc5 27. Qc3 Bf8 28. h6 g6 29. Nxc4 Rab8 30. Rgf1 Rb4 31. Qf6 Rxc4 32. Qe6+ 1/2-1/2

[Event "Hampshire Open"]
[Site "Eastleigh"]
[Date "2008.11.09"]
[Round "6"]
[White "Payne, Stephen J"]
[Black "Yeo, Michael J"]
[Result "0-1"]
[WhiteElo "1888"]
[BlackElo "2103"]
[PlyCount "76"]
[EventDate "2008.11.07"]
[EventType "swiss"]
[EventRounds "6"]
[EventCountry "ENG"]
[SourceTitle "BritBase"]
[Source "John Saunders"]
[SourceDate "2025.01.31"]
[SourceVersion "1"]
[SourceVersionDate "2025.01.31"]
[SourceQuality "1"]

1. e4 Nc6 2. d4 e5 3. d5 Nce7 4. Nf3 Ng6 5. h4 h5 6. c4 Be7 7. Bg5 Bxg5 8. hxg5 d6 9. Nbd2 Nf8 10. Qb3 b6 11. Qe3 g6 12. Rc1 a5 13. b3 f5 14. g3 Ne7 15. a3 Nh7 16. Qc3 O-O 17. Be2 fxe4 18. Nxe4 Bf5 19. Bd3 Qd7 20. Ned2 Rae8 21. Rh4 Bxd3 22. Qxd3 Nf5 23. Ne4 Nxh4 24. Nxh4 Qf7 25. Rc2 Kg7 26. Re2 Qe7 27. Nf6 Rxf6 28. gxf6+ Qxf6 29. f4 Rf8 30. fxe5 dxe5 31. Qe3 g5 32. Ng2 Re8 33. b4 axb4 34. axb4 e4 35. Ra2 Rf8 36. Qe2 Qc3+ 37. Kd1 Qxb4 38. Qxe4 Qb3+ {Time} 0-1

[Event "Hampshire Open"]
[Site "Eastleigh"]
[Date "2008.11.09"]
[Round "6"]
[White "Abbott, Mark V"]
[Black "Fowler, David W"]
[Result "0-1"]
[WhiteElo "1840"]
[BlackElo "1802"]
[PlyCount "98"]
[EventDate "2008.11.07"]
[EventType "swiss"]
[EventRounds "6"]
[EventCountry "ENG"]
[SourceTitle "BritBase"]
[Source "John Saunders"]
[SourceDate "2025.01.31"]
[SourceVersion "1"]
[SourceVersionDate "2025.01.31"]
[SourceQuality "1"]

1. d4 d5 2. c4 e6 3. Nc3 c6 4. cxd5 exd5 5. Nf3 Nf6 6. Bg5 Be7 7. Qc2 O-O 8. e3 Bg4 9. Ne5 Bh5 10. Bd3 Bg6 11. Nxg6 hxg6 12. O-O Nbd7 13. Rab1 a5 14. a3 Re8 15. Bxf6 Nxf6 16. b4 axb4 17. axb4 Bd6 18. h3 b5 19. e4 Bb8 20. e5 Nd7 21. f4 Ba7 22. Ne2 Re6 23. Kh1 Nb6 24. f5 gxf5 25. Bxf5 Rh6 26. Rf3 Nc4 27. Rbf1 Bb6 28. g4 Qg5 29. Qc1 Qxc1 30. Rxc1 Bd8 31. Bd3 Bg5 32. Rg1 Nd2 33. Rfg3 Bh4 34. Re3 Bf2 35. Reg3 Bxg3 36. Rxg3 Ra4 37. g5 Rh4 38. Bf5 Ne4 39. Rg2 g6 40. Bd7 Rxb4 41. Ng1 Rc4 42. e6 fxe6 43. Bxe6+ Kg7 44. Nf3 Rf4 45. Ne5 Rf1+ 46. Kh2 Rcc1 47. Ra2 Rh1+ 48. Kg2 Rcg1+ 49. Kf3 Nxg5+ 0-1

[Event "Hampshire Open"]
[Site "Eastleigh"]
[Date "2008.11.09"]
[Round "6"]
[White "Coburn, Joseph A"]
[Black "Hurn, Paul AT"]
[Result "1-0"]
[WhiteElo "1720"]
[BlackElo "1680"]
[PlyCount "99"]
[EventDate "2008.11.07"]
[EventType "swiss"]
[EventRounds "6"]
[EventCountry "ENG"]
[SourceTitle "BritBase"]
[Source "John Saunders"]
[SourceDate "2025.01.31"]
[SourceVersion "1"]
[SourceVersionDate "2025.01.31"]
[SourceQuality "1"]

1. d4 e6 2. c4 Bb4+ 3. Nc3 c5 4. a3 cxd4 5. Qxd4 Bxc3+ 6. Qxc3 Qf6 7. Bd2 Qxc3 8. Bxc3 f6 9. e4 Ne7 10. O-O-O b6 11. Ne2 Bb7 12. f3 e5 13. g3 Na6 14. Bh3 Rd8 15. Rd2 Nc5 16. Rhd1 Nb3+ 17. Kc2 Nxd2 18. Rxd2 Nc6 19. b4 a5 20. b5 Nb8 21. c5 bxc5 22. Bxa5 Rc8 23. Nc3 O-O 24. Nd5 Bxd5 25. Rxd5 Rf7 26. a4 Re8 27. Bb6 c4 28. a5 g6 29. Bc7 f5 30. exf5 e4 31. fxe4 d6 32. Bxb8 Rxb8 33. b6 Ra8 34. Kc3 Re7 35. fxg6 hxg6 36. Kxc4 Rxe4+ 37. Kb5 Re2 38. b7 Rb2+ 39. Kc6 Ra6+ 40. Kc7 Rc2+ 41. Kd8 Rb2 42. Bc8 Kf7 43. Kd7 Ra7 44. Kxd6 Ke8 45. Bd7+ Kd8 46. Bc6 Ra6 47. Kc5+ Kc7 48. Rd7+ Kb8 49. Rd8+ Ka7 50. Ra8# 1-0

[Event "Hampshire Open"]
[Site "Eastleigh"]
[Date "2008.11.09"]
[Round "6"]
[White "Kawuma, Moses"]
[Black "Kawuma, Steven Male"]
[Result "1-0"]
[WhiteElo "2204"]
[BlackElo "2156"]
[PlyCount "75"]
[EventDate "2008.11.07"]
[EventType "swiss"]
[EventRounds "6"]
[EventCountry "ENG"]
[SourceTitle "BritBase"]
[Source "John Saunders"]
[SourceDate "2025.01.31"]
[SourceVersion "1"]
[SourceVersionDate "2025.01.31"]
[SourceQuality "1"]

1. d4 Nf6 2. Nf3 c5 3. e3 e6 4. c4 b6 5. Nc3 Bb7 6. Be2 Be7 7. O-O O-O 8. b3 a6 9. Bb2 d6 10. Qc2 Nbd7 11. Rad1 Re8 12. Rfe1 d5 13. dxc5 Nxc5 14. cxd5 exd5 15. Nd4 h5 16. Nf5 Qc7 17. Qb1 Rad8 18. Rc1 Qb8 19. Bf3 Ng4 20. Bxg4 hxg4 21. Ne2 Bf8 22. Ba1 Nd7 23. Nf4 Ba8 24. Nh5 Ne5 25. Bd4 Rc8 26. Rxc8 Qxc8 27. Bxb6 Qc3 28. Bd4 Qd3 29. Qxd3 Nxd3 30. Rd1 Ne5 31. Rc1 Kh7 32. Nfg3 Kh6 33. Nf4 g6 34. Bxe5 Ba3 35. Rc7 Rxe5 36. Rxf7 Re8 37. Rf6 Rg8 38. Rxa6 1-0

[Event "Hampshire Open"]
[Site "Eastleigh"]
[Date "2008.11.09"]
[Round "6"]
[White "Tunks, Dominic R"]
[Black "Lock, Gavin R"]
[Result "0-1"]
[WhiteElo "1945"]
[BlackElo "2252"]
[PlyCount "74"]
[EventDate "2008.11.07"]
[EventType "swiss"]
[EventRounds "6"]
[EventCountry "ENG"]
[SourceTitle "BritBase"]
[Source "John Saunders"]
[SourceDate "2025.01.31"]
[SourceVersion "1"]
[SourceVersionDate "2025.01.31"]
[SourceQuality "1"]

1. e4 e6 2. d3 d5 3. Nd2 Nf6 4. Ngf3 a5 5. c3 a4 6. Be2 Be7 7. O-O O-O 8. Re1 c5 9. e5 Nfd7 10. c4 Nc6 11. Bf1 dxc4 12. dxc4 Qc7 13. Qe2 b6 14. Nb1 Bb7 15. Nc3 Nd4 16. Nxd4 cxd4 17. Nb5 Qc5 18. Bf4 Rfd8 19. Rad1 Nf8 20. Qg4 Bc6 21. h4 Ng6 22. Bg3 Bxb5 23. cxb5 Rd5 24. Rc1 Qb4 25. Bc4 Rdd8 26. Bxe6 d3 27. Red1 fxe6 28. Qxe6+ Kh8 29. h5 Nf8 30. Qf7 d2 31. Rc4 Rac8 32. Rxb4 Rc1 33. Rg4 Rxd1+ 34. Kh2 Rh1+ 35. Kxh1 d1=Q+ 36. Kh2 Qxg4 37. f3 Qe6 0-1